Water demand forecast for digos water district (Record no. 10040)
[ view plain ]
| 000 -LEADER | |
|---|---|
| fixed length control field | 00636nam a22001697a 4500 |
| 008 - FIXED-LENGTH DATA ELEMENTS--GENERAL INFORMATION | |
| fixed length control field | 180726b ||||| |||| 00| 0 eng d |
| 082 ## - DEWEY DECIMAL CLASSIFICATION NUMBER | |
| Edition number | 2017 |
| Classification number | UT 0980 |
| Item number | C22 |
| 100 ## - MAIN ENTRY--PERSONAL NAME | |
| 9 (RLIN) | 29647 |
| Personal name | Cansing, Paciano A. Jr. |
| 245 ## - TITLE STATEMENT | |
| Title | Water demand forecast for digos water district |
| Statement of responsibility, etc. | Paciano A. Cansing Jr., Apple Mae A. Salarda and Shane T. Torres. |
| 260 ## - PUBLICATION, DISTRIBUTION, ETC. (IMPRINT) | |
| Place of publication, distribution, etc. | Digos City: |
| Name of publisher, distributor, etc. | UMDC |
| Date of publication, distribution, etc. | November 2017. |
| 300 ## - PHYSICAL DESCRIPTION | |
| Extent | 47 pages; |
| Other physical details | 30 cm. |
| 650 #0 - SUBJECT ADDED ENTRY--TOPICAL TERM | |
| 9 (RLIN) | 29650 |
| Topical term or geographic name as entry element | Education |
| Form subdivision | Biological Science |
| General subdivision | Undergraduate thesis. |
| 700 ## - ADDED ENTRY--PERSONAL NAME | |
| 9 (RLIN) | 29651 |
| Personal name | Cansing, Paciano A. Jr. |
| 700 ## - ADDED ENTRY--PERSONAL NAME | |
| 9 (RLIN) | 29652 |
| Personal name | Salarda, Apple Mae A. |
| 700 ## - ADDED ENTRY--PERSONAL NAME | |
| 9 (RLIN) | 29653 |
| Personal name | Torres, Shane T. |
| 942 ## - ADDED ENTRY ELEMENTS (KOHA) | |
| Source of classification or shelving scheme | Dewey Decimal Classification |
| Koha item type | Undergraduate Thesis |
| Withdrawn status | Lost status | Source of classification or shelving scheme | Damaged status | Not for loan | Home library | Current library | Date acquired | Total Checkouts | Full call number | Barcode | Date last seen | Price effective from | Koha item type |
|---|---|---|---|---|---|---|---|---|---|---|---|---|---|
| Dewey Decimal Classification | UM Digos College - LIC | UM Digos College - LIC | 07/22/2018 | UT 0980 C22 2017 | 0980 | 05/15/2025 | 07/26/2018 | Undergraduate Thesis |
